000 00210nam a22000857a 4500
008 161214b xxu||||| |||| 00| 0 eng d
100 _92056
_aBlyton.E.
245 _aThe Famous Five-14
260 _aLondon
_bHodder
_c2004
999 _c4928
_d4928